| 000 | 00697cam a2200229 a 4500 | ||
|---|---|---|---|
| 001 | 3560122 | ||
| 005 | 20171222035717.0 | ||
| 008 | 980402s1998 ilua b 001 0 eng | ||
| 010 | _a 98018256 | ||
| 020 | _a0793129672 | ||
| 040 |
_aDLC _cDLC _dDLC |
||
| 041 | _aeng | ||
| 080 | _a728.3 HEN | ||
| 082 | 0 | 0 |
_a728.3 HEN _221 |
| 100 | 1 | _a41 | |
| 101 | _aART | ||
| 245 | 1 | 0 |
_aHouses : _cHenry S. Harrison. |
| 504 | _aIncludes bibliographical references (p. 469)-471) and index. | ||
| 906 |
_a7 _bcbc _corignew _d1 _eocip _f19 _gy-gencatlg |
||
| 942 |
_2ddc _cBK |
||
| 999 |
_c39305 _d39305 |
||